000 00757nam a2200229Ia 4500
999 _c37862
_d37862
003 GCL
005 20240530103239.0
008 140319s9999 xx 000 0 ara d
040 _aGCL /
_cGCL
082 0 4 _a791.4
_bن ن
100 1 _aنسمة احمد البطريق
245 1 0 _aنصوص السينما والتليفزيون والمنهج الاجتماعى /
_cنسمة احمد البطريق
300 _a261 ص
650 0 4 _aالادب
650 0 4 _aالاجتماع الاسلامى
650 0 4 _aالكتابة الفنية
650 0 4 _aالاجتماع، علم
650 0 4 _aالتليفزيون - تأليف
650 0 4 _aالسينما, تاليف
650 0 4 _aمصر - الاحوال الاجتماعية
942 _2ddc
_cBK